LEADER 01302nam a2200277 4500 001 000000344682 003 CaOOAMICUS 005 20210323103620.0 008 210305s2020 it a 000 u ita r 020 $a978-88-6894-449-0 040 $aSeMil$bita 100 1 $aBigatti, Fabio.$0(OLS)http://semarc/name/113196 245 10$aBaden delle aquile randagie :$bl'avventura a fumetti di don Andrea Ghetti /$cFabio Bigatti. 264 1$aMilano :$bCentro Ambrosiano,$c2020. 300 $a110 p. :$bill. ;$c24 cm 541 0 $aOmaggio mons. Mario Delpini (3G III 415) 600 14$aGhetti, Andrea, Baden .$0(OLS)http://semarc/subject/29213 710 0 $aEnte e Fondazione mons. Andrea Ghetti-Baden.$0(OLS)http://semarc/name/59104 850 $aSeMil 852 $aSeMil$W1$xVenegono$y1$m3G III 415$j225147$B235791$CSeMilBibl$Z2$F235791 $81 941 1 $a7 961 $aOmaggio mons. Mario Delpini. -- Con dedica autografa a mons. Mario Delpini (1° febbraio 2021) 996 $6020$a978-88-6894-449-0$9(OLS)http://semarc/number/292537 996 $6245$aBaden delle aquile randagie :$bl'avventura a fumetti di don Andrea Ghetti$9(OLS)http://semarc/title/433755 996 $6264$aMilano :$bCentro Ambrosiano$9(OLS)http://semarc/publisher/29766 LEADER 01905nam a2200325 i 4500 001 000000231603 003 CaOOAMICUS 005 20200818164709.0 008 140805s1727 gw u000 u lat u 013 $a210506 026 $a*,*- a-u- *-od **** (3) 1727 (R)$a[*= caratteri greci ; nel 3. gruppo *= oe] 040 $aSeMil$bita 100 1 $aHorapollo,$d.$0(OLS)http://semarc/name/121574 245 10$aHorapollinis Hieroglyphica graece & latine, cum integris observationibus & notis Joann. Merceri & David. Hoeschelii, et selectis Nicolai Caussini. Curante Joanne Cornelio de Pauw, qui suas etiam observationes addidit. 264 1$aTrajecti ad Rhenum :$bApud Melchior Leonardum Charlois,$c1727$e(Trajecti ad Rhenum :$fTypis Muntendam,$g1727) 300 $a[16], 404, [8] p. ;$c4°. 500 $aFront. stampato in rosso e nero 500 $aSegn.: *-2*4 A-3E4 3F2 500 $aIniz., testate, finalini xilogr. 500 $aMarca (monogramma dell'ed.) sul front. 700 1 $aCaussin, Nicolas,$d<1583-1653>.$0(OLS)http://semarc/name/76119 700 1 $aMercier, Jean .$0(OLS)http://semarc/name/72043 700 1 $aHoeschel, David,$d<1556-1617>.$0(OLS)http://semarc/name/79677 710 0 $aMuntendam, Pieter <1. ; Editore ; 1723-1767>.$0(OLS)http://semarc/name/75938 710 0 $aCharlois, Merchior Leonard .$0(OLS)http://semarc/name/79678 850 $aSeMil 852 $aSeMil$W1$xVenegono$y1$m2W III 58 FA$j181949$B181949$CSeMilBibl$Z2$F192891 $8I 996 $6245$aHorapollinis Hieroglyphica graece & latine, cum integris observationibus & notis Joann. Merceri & David. Hoeschelii, et selectis Nicolai Caussini. Curante Joanne Cornelio de Pauw, qui suas etiam observationes addidit$9(OLS)http://semarc/title/330679 996 $6264$aTrajecti ad Rhenum :$bApud Melchior Leonardum Charlois$9(OLS)http://semarc/publisher/53918